[Event "Politiken Cup 33rd"]
[Site "Helsingor"]
[Date "2011.08.07"]
[Round "10"]
[White "Jorgensen, Morten"]
[Black "Munk, Poul N"]
[Result "0-1"]
[WhiteElo "1727"]
[BlackElo "1942"]
[PlyCount "38"]
[EventDate "2011.07.30"]
[EventType "swiss"]
[EventRounds "10"]
[EventCountry "DEN"]
[SourceTitle "CBM 143 Extra"]
[Source "ChessBase"]
[SourceDate "2011.08.29"]
[SourceVersion "1"]
[SourceVersionDate "2011.08.29"]
[SourceQuality "1"]

1. d4 d5 2. Nf3 Nf6 3. c4 e6 4. Nc3 c6 5. Qc2 Be7 6. e3 Nbd7 7. cxd5 exd5 8. Bd3 0-0 9. 0-0 Re8 10. a4 Bd6 11. h3 a5 12. Bd2 Nf8 13. Ne2 Bd7 14. Ng3 g6 15. Rfe1 Qc7 16. Nf1 Qc8 17. Ng3 Bxh3 18. Ne2 Qg4 19. Ng3 Bxg3 0-1

[Event "Politiken Cup 33rd"]
[Site "Helsingor"]
[Date "2011.08.06"]
[Round "9"]
[White "Edwardsson, Hannu Kalervo"]
[Black "Jorgensen, Morten"]
[Result "0-1"]
[WhiteElo "1482"]
[BlackElo "1727"]
[PlyCount "94"]
[EventDate "2011.07.30"]
[EventType "swiss"]
[EventRounds "10"]
[EventCountry "DEN"]
[SourceTitle "CBM 143 Extra"]
[Source "ChessBase"]
[SourceDate "2011.08.29"]
[SourceVersion "1"]
[SourceVersionDate "2011.08.29"]
[SourceQuality "1"]

1. e4 c6 2. Nf3 d6 3. Be2 Nd7 4. Nc3 Ngf6 5. 0-0 e5 6. d3 Be7 7. Bg5 h6 8. Be3 Ng4 9. h3 Nxe3 10. fxe3 0-0 11. d4 exd4 12. exd4 Qb6 13. b3 Bf6 14. Kh1 Qc7 15. Rb1 a6 16. Na4 b5 17. Nb2 Re8 18. Nd2 Bxd4 19. Bh5 Nf6 20. Bf3 Bc3 21. Re1 Bb7 22. Re3 Be5 23. c4 Rad8 24. Nd3 Bd4 25. Re2 c5 26. Qe1 Bc3 27. Rc1 Bxd2 28. Qxd2 Bxe4 29. Bxe4 Rxe4 30. Rce1 Rxe2 31. Rxe2 Re8 32. Rxe8+ Nxe8 33. Qe3 Nf6 34. Nf4 bxc4 35. bxc4 Qb7 36. Kh2 Qe4 37. Qf2 Qxc4 38. Qf3 Qe4 39. Qf1 d5 40. Nd3 Qc4 41. Qb1 Qb5 42. Qd1 c4 43. Nf2 Qb2 44. Ng4 Nxg4+ 45. hxg4 Qe5+ 46. Kh1 c3 47. Qc2 Qe1+ 0-1

[Event "Politiken Cup 33rd"]
[Site "Helsingor"]
[Date "2011.07.31"]
[Round "2"]
[White "Jorgensen, Morten"]
[Black "Schmitt, Carsten1"]
[Result "0-1"]
[WhiteElo "1727"]
[BlackElo "1959"]
[PlyCount "118"]
[EventDate "2011.07.30"]
[EventType "swiss"]
[EventRounds "10"]
[EventCountry "DEN"]
[SourceTitle "CBM 143 Extra"]
[Source "ChessBase"]
[SourceDate "2011.08.29"]
[SourceVersion "1"]
[SourceVersionDate "2011.08.29"]
[SourceQuality "1"]

1. d4 d5 2. Nf3 e6 3. c4 c6 4. Nc3 dxc4 5. a4 Bb4 6. e4 b5 7. axb5 cxb5 8. Be2 Bb7 9. Qc2 Nf6 10. Bg5 Bxe4 11. Qd2 h6 12. Bxf6 Qxf6 13. 0-0 Bxc3 14. bxc3 0-0 15. Qe3 Bd5 16. Rfb1 a6 17. Ne5 Rd8 18. Rb2 Qg5 19. Qxg5 hxg5 20. Rba2 Rd6 21. h3 Ra7 22. Rb2 f6 23. Ng6 Kh7 24. Nf8+ Kg8 25. Ng6 Be4 26. Bh5 Kh7 27. Nf8+ Kh6 28. Be2 Rf7 29. Nxe6 Rxe6 30. Bxc4 bxc4 31. Rxb8 Rfe7 32. Rb4 Bd3 33. Rba4 Re1+ 34. Rxe1 Rxe1+ 35. Kh2 Rc1 36. Ra3 Kg6 37. Kg3 Kf5 38. Kf3 Rc2 39. Ra5+ Kg6 40. Ra3 Kf7 41. d5 Ke7 42. Ke3 Bf1 43. Kd4 Rd2+ 44. Kc5 Bxg2 45. Rxa6 Rxd5+ 46. Kxc4 Bf1+ 47. Kxd5 Bxa6 48. c4 Bb7+ 49. Kd4 Kd6 50. c5+ Kc6 51. Ke4 g6 52. Kf3 Kxc5+ 53. Kg3 Kd4 54. f4 gxf4+ 55. Kxf4 Bc8 56. h4 Bd7 57. Kg3 Ke3 58. h5 gxh5 59. Kh4 f5 0-1

[Event "Borup op 5th"]
[Site "Borup"]
[Date "2010.09.11"]
[Round "7"]
[White "Christensen, Henrik"]
[Black "Jorgensen, Morten"]
[Result "1-0"]
[WhiteElo "2014"]
[BlackElo "1785"]
[PlyCount "57"]
[EventDate "2010.09.03"]
[EventType "swiss"]
[EventRounds "9"]
[EventCountry "DEN"]
[SourceTitle "CBM 138 Extra"]
[Source "ChessBase"]
[SourceDate "2010.10.29"]
[SourceVersion "1"]
[SourceVersionDate "2010.10.29"]
[SourceQuality "1"]

1. d4 d5 2. Nf3 Nf6 3. c4 e6 4. g3 Nbd7 5. Bg2 dxc4 6. 0-0 Be7 7. Qc2 0-0 8. Qxc4 c6 9. Rd1 Qb6 10. Nc3 Qb4 11. Qd3 Nd5 12. a3 Qa5 13. e4 Nxc3 14. bxc3 Rd8 15. Bd2 b6 16. Qc4 Ba6 17. Qb3 Qb5 18. Qa2 Qh5 19. Be3 Rac8 20. c4 Bb7 21. Qb3 Rb8 22. Bf4 Rbc8 23. c5 Bxc5 24. dxc5 Qxc5 25. Bd6 Qa5 26. Be7 Nc5 27. Qe3 Re8 28. Bxc5 bxc5 29. Rd7 1-0

[Event "Borup op 5th"]
[Site "Borup"]
[Date "2010.09.10"]
[Round "6"]
[White "Jorgensen, Morten"]
[Black "Kokholm, Daniel"]
[Result "0-1"]
[WhiteElo "1785"]
[BlackElo "1951"]
[PlyCount "82"]
[EventDate "2010.09.03"]
[EventType "swiss"]
[EventRounds "9"]
[EventCountry "DEN"]
[SourceTitle "CBM 138 Extra"]
[Source "ChessBase"]
[SourceDate "2010.10.29"]
[SourceVersion "1"]
[SourceVersionDate "2010.10.29"]
[SourceQuality "1"]

1. Nf3 Nc6 2. d4 d5 3. Bg5 Bg4 4. e3 f6 5. h3 Bxf3 6. Qxf3 fxg5 7. Qh5+ g6 8. Qxg5 e5 9. Qg4 Qd7 10. Qxd7+ Kxd7 11. dxe5 Nxe5 12. Nd2 c6 13. Rd1 Kc7 14. Be2 Nf6 15. 0-0 Bc5 16. Nf3 Nxf3+ 17. Bxf3 g5 18. g4 h5 19. Kg2 hxg4 20. hxg4 Rh4 21. Rh1 Rah8 22. Rxh4 Rxh4 23. Rh1 Rxh1 24. Kxh1 Ne4 25. Bxe4 dxe4 26. Kg1 b5 27. Kf1 Kd6 28. Ke2 Kd5 29. b3 Bb4 30. Kd1 a5 31. Ke2 a4 32. Kd1 Kc5 33. Ke2 Bc3 34. f3 exf3+ 35. Kxf3 Kb4 36. Ke4 Bf6 37. Kf5 Bd8 38. Ke4 axb3 39. cxb3 Ka3 40. Kd3 Kxa2 41. Kc2 Ka3 0-1

[Event "Amager Spring D"]
[Site "Amager"]
[Date "2010.06.15"]
[Round "5"]
[White "Jorgensen, Morten"]
[Black "Tronning, Mark Philip"]
[Result "0-1"]
[WhiteElo "1364"]
[BlackElo "1307"]
[PlyCount "82"]
[EventDate "2010.05.11"]
[EventType "swiss"]
[EventRounds "5"]
[EventCountry "DEN"]
[SourceTitle "EXT 2023"]
[Source "ChessBase"]
[SourceDate "2022.10.05"]
[SourceVersion "1"]
[SourceVersionDate "2022.10.05"]
[SourceQuality "1"]

1. e4 c5 2. Nf3 d6 3. d4 cxd4 4. Nxd4 Nf6 5. Nc3 e5 6. Bb5+ Nbd7 7. Nf5 a6 8. Bc4 Nc5 9. Ng3 Be7 10. Be3 0-0 11. b4 Be6 12. Bxe6 Nxe6 13. 0-0 Rc8 14. Nd5 b5 15. f3 Nxd5 16. exd5 Nc7 17. Bb6 Qd7 18. Bxc7 Rxc7 19. Qd3 f5 20. f4 e4 21. Qe2 Rc4 22. a3 Rfc8 23. Ra2 g6 24. Rd1 Qc7 25. Rc1 Bf6 26. Nf1 Bd4+ 27. Kh1 Rc3 28. h3 Qc4 29. Qxc4 R8xc4 30. Nd2 Rc7 31. Nf1 Bf2 32. a4 e3 33. Nh2 e2 34. Nf3 Rxf3 35. gxf3 e1Q+ 36. Rxe1 Bxe1 37. axb5 axb5 38. Rb2 Bd2 39. c3 Bxf4 40. Rc2 Be5 41. c4 Rxc4 0-1

[Event "Roskilde 100 years"]
[Site "Roskilde"]
[Date "2008.10.11"]
[Round "1"]
[White "Hansen, Lars Henrik Bech"]
[Black "Jorgensen, Morten"]
[Result "1-0"]
[WhiteElo "1988"]
[BlackElo "1491"]
[PlyCount "37"]
[EventDate "2008.10.11"]
[EventType "swiss"]
[EventRounds "9"]
[EventCountry "DEN"]
[SourceTitle "EXT 2018"]
[Source "ChessBase"]
[SourceDate "2017.10.13"]
[SourceVersion "1"]
[SourceVersionDate "2017.10.13"]
[SourceQuality "1"]

1. e4 c5 2. Nf3 d6 3. d4 cxd4 4. Nxd4 Nf6 5. Nc3 Nc6 6. Be2 g6 7. 0-0 Bg7 8. Be3 0-0 9. Kh1 a6 10. a4 Qc7 11. g4 Ne5 12. f3 Nc4 13. Bxc4 Qxc4 14. g5 Nh5 15. Nd5 Bxd4 16. Nxe7+ Kh8 17. Bxd4+ f6 18. gxf6 Nxf6 19. Nd5 1-0

[Event "Politiken Cup 24th"]
[Site "Copenhagen"]
[Date "2002.07.19"]
[Round "5"]
[White "Jorgensen, Morten"]
[Black "Mathiesen, Erik"]
[Result "0-1"]
[WhiteElo "1257"]
[BlackElo "1958"]
[PlyCount "49"]
[EventDate "2002.07.15"]
[EventType "swiss"]
[EventRounds "11"]
[EventCountry "DEN"]
[SourceTitle "CBM 089 Extra"]
[Source "ChessBase"]
[SourceDate "2002.09.10"]
[SourceVersion "2"]
[SourceVersionDate "2002.09.10"]
[SourceQuality "1"]

1. e4 e5 2. Nf3 Nf6 3. d4 Nxe4 4. Bd3 d5 5. Nxe5 Bd6 6. c4 0-0 7. cxd5 Nxf2 8. Bxh7+ Kxh7 9. Qc2+ Kg8 10. Qxf2 f6 11. Nf3 Bb4+ 12. Nc3 Re8+ 13. Be3 Qe7 14. Ke2 b6 15. Kd2 Ba6 16. Rac1 Qe4 17. Ne1 Qxd5 18. Qf3 Qxa2 19. Rc2 Nd7 20. Nd3 Ba5 21. h4 Rad8 22. Qf4 Ne5 23. Nxe5 Rxe5 24. Qg4 Qc4 25. Bh6 0-1

[Event "Politiken Cup 24th"]
[Site "Copenhagen"]
[Date "2002.07.16"]
[Round "2"]
[White "Lie, Terje"]
[Black "Jorgensen, Morten"]
[Result "1-0"]
[WhiteElo "1913"]
[BlackElo "1257"]
[PlyCount "55"]
[EventDate "2002.07.15"]
[EventType "swiss"]
[EventRounds "11"]
[EventCountry "DEN"]
[SourceTitle "CBM 089 Extra"]
[Source "ChessBase"]
[SourceDate "2002.09.10"]
[SourceVersion "2"]
[SourceVersionDate "2002.09.10"]
[SourceQuality "1"]

1. d4 d5 2. c4 dxc4 3. e4 e5 4. Nf3 exd4 5. Bxc4 Nc6 6. 0-0 Nf6 7. Nbd2 Be7 8. Re1 0-0 9. e5 Nd5 10. Nb3 Nb6 11. Bd3 Nb4 12. Be4 c5 13. a3 N4d5 14. Qc2 h6 15. Nxc5 Qc7 16. b4 f5 17. Bd3 a5 18. Bd2 axb4 19. axb4 Rxa1 20. Rxa1 Bxc5 21. bxc5 Nd7 22. Re1 Qxc5 23. Qxc5 Nxc5 24. Bc4 Be6 25. Nxd4 Ne4 26. Nxe6 Nb6 27. Nxf8+ Kxf8 28. Bb4+ 1-0

[Event "Politiken Cup 24th"]
[Site "Copenhagen"]
[Date "2002.07.15"]
[Round "1"]
[White "Jorgensen, Morten"]
[Black "Jorgensen, Dennis"]
[Result "0-1"]
[WhiteElo "1257"]
[BlackElo "2097"]
[PlyCount "94"]
[EventDate "2002.07.15"]
[EventType "swiss"]
[EventRounds "11"]
[EventCountry "DEN"]
[SourceTitle "CBM 089 Extra"]
[Source "ChessBase"]
[SourceDate "2002.09.10"]
[SourceVersion "2"]
[SourceVersionDate "2002.09.10"]
[SourceQuality "1"]

1. e4 d6 2. d4 Nf6 3. Nc3 g6 4. Bc4 Bg7 5. Nge2 0-0 6. h3 c6 7. 0-0 b5 8. Bd3 e5 9. dxe5 dxe5 10. Ng3 Nbd7 11. Be3 Bb7 12. a3 Re8 13. Qd2 Qe7 14. b4 Nf8 15. Bc5 Qc7 16. Qe3 a6 17. Bb6 Qb8 18. a4 Ne6 19. axb5 axb5 20. Ra7 Nd7 21. Nxb5 cxb5 22. Bxb5 Nxb6 23. Qxb6 Qxa7 24. Qxa7 Rxa7 25. Bxe8 Kf8 26. Bd7 Ke7 27. Bb5 Nd4 28. Bd3 Ra3 29. f3 Bh6 30. Rd1 Bf4 31. Nf1 Rc3 32. Ra1 Nxc2 33. Bxc2 Rxc2 34. Rb1 h5 35. g3 Rc1 36. Rxc1 Bxc1 37. Kf2 Ba6 38. Ne3 Bxe3+ 39. Kxe3 Kd6 40. f4 Bf1 41. h4 Bh3 42. b5 Kc5 43. fxe5 Kxb5 44. Kf4 Kc4 45. Kg5 Be6 46. Kf4 Kd4 47. Kg5 Kxe5 0-1

[Event "Lovsprings op-C 13th"]
[Site "Ringsted"]
[Date "2002.03.15"]
[Round "2"]
[White "Jorgensen, Mikkel"]
[Black "Jorgensen, Morten"]
[Result "1-0"]
[WhiteElo "1588"]
[BlackElo "1499"]
[PlyCount "83"]
[EventDate "2002.03.08"]
[EventType "swiss"]
[EventRounds "7"]
[EventCountry "DEN"]
[SourceTitle "EXT 2023"]
[Source "ChessBase"]
[SourceDate "2022.10.05"]
[SourceVersion "1"]
[SourceVersionDate "2022.10.05"]
[SourceQuality "1"]

1. d4 f5 2. c4 Nf6 3. Nc3 e6 4. Nf3 Be7 5. e3 0-0 6. Bd3 b6 7. Rg1 Bb7 8. h3 Ne4 9. Qc2 Nxc3 10. bxc3 d6 11. d5 exd5 12. Bxf5 g6 13. Be6+ Kg7 14. cxd5 Bc8 15. Nd4 Qe8 16. Bxc8 Qxc8 17. Ne6+ Kg8 18. Nxf8 Qxf8 19. c4 Nd7 20. Bb2 Bf6 21. Rd1 Re8 22. Rd2 Nc5 23. Bxf6 Qxf6 24. Rf1 Ne4 25. Qb2 Re5 26. Rd4 Nc5 27. Qb1 Re7 28. Kd2 Qg5 29. Rg1 Qf6 30. Rf1 Re5 31. f4 Re8 32. Rf3 Qe7 33. g4 Ne4+ 34. Rxe4 Qxe4 35. Qxe4 Rxe4 36. Kd3 Re7 37. e4 Kg7 38. Kd4 Kf7 39. g5 a5 40. e5 dxe5+ 41. fxe5+ Ke8 42. e6 1-0